000
00334nam a22001457a 4500
008
230206b ||||| |||| 00| 0 eng d
020
_a
9780495561712
041
_a
eng
080
_2
FOURTH EDITION
_a
51
082
_a
51SON
100
_a
20
101
_a
MATE
245
_a
MATHEMATICS FOR TEACHERS
_c
SONNABEND TH
942
_2
udc
_c
BK
999
_c
59301
_d
59301